00483 a2200169 450000100060000002000060000604000240001210000190003624000440005524500390009930000070013836200090014565000310015494200070018595201040019299900170029670272 a  cAnchieta - Itaigara aRocha, Kátia10aEuzinha, a menina que virou poesialpor10aEuzinha, a menina que virou poesia a440 a2001 4aLiteratura infanto-juvenil cBK 00104070a88.1b88.1d2023-11-21l0o028.5 ROC EUZp3548/ITAr2023-11-21 20:05:13w2023-11-21yBK c70272d70272